[Event "Napoli Sociale-ch"]
[Site "Napoli"]
[Date "2015.12.03"]
[Round "5"]
[White "Esposito, Rosario"]
[Black "Condorelli, Pietro"]
[Result "1-0"]
[WhiteElo "1828"]
[BlackElo "1710"]
[PlyCount "59"]
[EventDate "2015.11.05"]
[EventType "swiss"]
[EventRounds "7"]
[EventCountry "ITA"]
[SourceTitle "EXT 2018"]
[Source "ChessBase"]
[SourceDate "2017.10.13"]
[SourceVersion "1"]
[SourceVersionDate "2017.10.13"]
[SourceQuality "1"]

1. d4 d5 2. c4 e6 3. Nc3 c6 4. Nf3 Nf6 5. e3 Nbd7 6. Qc2 dxc4 7. Bxc4 b5 8. Bd3 Bd6 9. e4 e5 10. Bg5 b4 11. Ne2 Bb7 12. dxe5 Nxe5 13. Nxe5 Bxe5 14. f4 Bxb2 15. Rb1 Bc3+ 16. Nxc3 bxc3 17. Rxb7 Qd4 18. Bxf6 Qxf6 19. 0-0 Qd4+ 20. Kh1 Rd8 21. Rd1 0-0 22. Rb3 Rfe8 23. Rxc3 Rxe4 24. h3 g6 25. Bxe4 Qxd1+ 26. Qxd1 Rxd1+ 27. Kh2 Rd4 28. Bxc6 Rxf4 29. Ra3 Rc4 30. Ra6 1-0

[Event "Napoli Greco Memorial"]
[Site "Napoli"]
[Date "2015.05.15"]
[Round "6"]
[White "Giovine, Massimo"]
[Black "Condorelli, Pietro"]
[Result "0-1"]
[WhiteElo "1437"]
[BlackElo "1677"]
[PlyCount "94"]
[EventDate "2015.04.09"]
[EventType "swiss"]
[EventRounds "6"]
[EventCountry "ITA"]
[SourceTitle "EXT 2017"]
[Source "ChessBase"]
[SourceDate "2016.10.25"]
[SourceVersion "1"]
[SourceVersionDate "2016.10.25"]
[SourceQuality "1"]

1. d4 d5 2. e3 e6 3. c4 c6 4. Nc3 Nf6 5. a3 a5 6. Nf3 Nbd7 7. c5 b6 8. cxb6 Qxb6 9. Bd3 Bd6 10. 0-0 0-0 11. Qc2 Ba6 12. Bxa6 Qxa6 13. Bd2 c5 14. dxc5 Nxc5 15. Ne2 Qxe2 16. Nd4 Qd3 17. Rac1 Nfe4 18. Qxd3 Nxd3 19. Rc2 Rac8 20. Rxc8 Rxc8 21. Bxa5 Nxb2 22. Bb4 Nc4 23. Rc1 Bxb4 24. axb4 Rb8 25. Rb1 Ned6 26. g3 h6 27. Nc6 Rb6 28. Nd4 Nb5 29. Nf3 Nba3 30. Rb3 Nc2 31. b5 N2a3 32. Nd4 e5 33. Nc6 Rxb5 34. Rxb5 Nxb5 35. Ne7+ Kf8 36. Nxd5 f5 37. f4 Nbd6 38. Kg2 Kf7 39. Kf3 e4+ 40. Ke2 Kg6 41. Nc3 Kh5 42. h3 g5 43. Nd5 Kg6 44. g4 gxf4 45. exf4 fxg4 46. hxg4 Kf7 47. f5 Nb5 0-1

[Event "Napoli Parthenope op 4th"]
[Site "Napoli"]
[Date "2012.03.29"]
[Round "2"]
[White "Condorelli, Pietro"]
[Black "Vena, Antonio"]
[Result "0-1"]
[WhiteElo "1811"]
[BlackElo "1778"]
[PlyCount "54"]
[EventDate "2012.03.22"]
[EventType "swiss"]
[EventRounds "7"]
[EventCountry "ITA"]
[SourceTitle "EXT 2018"]
[Source "ChessBase"]
[SourceDate "2017.10.13"]
[SourceVersion "1"]
[SourceVersionDate "2017.10.13"]
[SourceQuality "1"]

1. e4 d6 2. d4 Nf6 3. Nc3 e5 4. dxe5 dxe5 5. Qxd8+ Kxd8 6. Bg5 Be6 7. 0-0-0+ Bd6 8. Nf3 Nbd7 9. Bb5 h6 10. Bh4 Ke7 11. h3 g5 12. Bg3 Nh5 13. Bh2 Nf4 14. Bf1 f6 15. g4 h5 16. Bxf4 exf4 17. gxh5 Rxh5 18. Bg2 Bc5 19. Nd4 Bxd4 20. Rxd4 Ne5 21. Nd5+ Bxd5 22. Rxd5 f3 23. Bf1 Rd8 24. Rb5 b6 25. a4 Ng4 26. a5 Nxf2 27. Rh2 Nxh3 0-1

[Event "Napoli Porreca Cup 1st"]
[Site "Napoli"]
[Date "2011.11.03"]
[Round "6"]
[White "Gallo, Thomas Renato"]
[Black "Condorelli, Pietro"]
[Result "1-0"]
[WhiteElo "1887"]
[BlackElo "1785"]
[PlyCount "112"]
[EventDate "2011.09.22"]
[EventType "swiss"]
[EventRounds "7"]
[EventCountry "ITA"]
[SourceTitle "EXT 2018"]
[Source "ChessBase"]
[SourceDate "2017.10.13"]
[SourceVersion "1"]
[SourceVersionDate "2017.10.13"]
[SourceQuality "1"]

1. d4 Nf6 2. Bf4 e6 3. Nf3 d5 4. e3 Bd6 5. Bg3 Bxg3 6. hxg3 Qd6 7. c3 a6 8. Ne5 Nbd7 9. Qa4 c6 10. Nxd7 Bxd7 11. Nd2 Rc8 12. Nf3 c5 13. Qc2 cxd4 14. exd4 Rc7 15. Bd3 g6 16. Ne5 Nh5 17. Qe2 f5 18. Rxh5 0-0 19. Rh4 b5 20. a3 Be8 21. Qd2 Qe7 22. Ke2 Qf6 23. Rah1 h5 24. Qe3 g5 25. R4h2 Rh7 26. Kd2 Rh6 27. Be2 g4 28. f3 f4 29. gxf4 g3 30. Rh3 Rh7 31. Rxg3+ Kh8 32. Bd3 Rg7 33. Rxg7 Qxg7 34. g4 Qh6 35. g5 Qg7 36. Ng4 a5 37. Qxe6 b4 38. Nf6 bxc3+ 39. bxc3 Bf7 40. Qd6 Bg6 41. Bxg6 Qxg6 42. Rxh5+ Kg7 43. Rh7+ Qxh7 44. Nxh7 Kxh7 45. f5 a4 46. Qxd5 Rb8 47. g6+ Kh6 48. f4 Rb3 49. Qc5 Rb2+ 50. Kd3 Rg2 51. Qf8+ Kh5 52. Qh8+ Kg4 53. g7 Kxf4 54. g8Q Rg3+ 55. Kc4 Ke3 56. Qe6+ Kf2 1-0

[Event "Napoli Porreca Cup 1st"]
[Site "Napoli"]
[Date "2011.10.13"]
[Round "4"]
[White "Ceglio, Fulvio"]
[Black "Condorelli, Pietro"]
[Result "1-0"]
[WhiteElo "2040"]
[BlackElo "1785"]
[PlyCount "85"]
[EventDate "2011.09.22"]
[EventType "swiss"]
[EventRounds "7"]
[EventCountry "ITA"]
[SourceTitle "EXT 2018"]
[Source "ChessBase"]
[SourceDate "2017.10.13"]
[SourceVersion "1"]
[SourceVersionDate "2017.10.13"]
[SourceQuality "1"]

1. d4 Nf6 2. c4 e6 3. Nc3 d5 4. cxd5 exd5 5. Bg5 Bb4 6. Nf3 0-0 7. Qc2 Qd6 8. e3 Ne4 9. Bf4 Bxc3+ 10. bxc3 Qc6 11. Rc1 f6 12. Bd3 Bf5 13. Nh4 Be6 14. Nf3 Na6 15. 0-0 Rac8 16. Rfd1 g5 17. Bg3 Bg4 18. Qb3 Nxg3 19. hxg3 Kh8 20. Rb1 Rb8 21. Rdc1 Qd6 22. Qc2 Rf7 23. Rb2 Bc8 24. Qa4 c6 25. Qc2 Nc7 26. c4 Bg4 27. c5 Qe7 28. Re1 Bxf3 29. gxf3 Ne6 30. Reb1 Nf8 31. Rb4 Rg7 32. Qb3 Qf7 33. Ba6 h5 34. Rxb7 Rxb7 35. Qxb7 Qe6 36. Qc8 Qg8 37. Qxc6 h4 38. Rb8 hxg3 39. fxg3 Kh7 40. Qxf6 Rg6 41. Bd3 Nd7 42. Bxg6+ Qxg6 43. Rh8# 1-0

[Event "Napoli Estate al Vomero op 5th"]
[Site "Napoli"]
[Date "2011.05.12"]
[Round "2"]
[White "Condorelli, Pietro"]
[Black "Angelotti, Mario"]
[Result "1-0"]
[WhiteElo "1512"]
[BlackElo "1820"]
[PlyCount "91"]
[EventDate "2011.05.08"]
[EventType "swiss"]
[EventRounds "7"]
[EventCountry "ITA"]
[SourceTitle "EXT 2018"]
[Source "ChessBase"]
[SourceDate "2017.10.13"]
[SourceVersion "1"]
[SourceVersionDate "2017.10.13"]
[SourceQuality "1"]

1. e4 e6 2. d4 d5 3. Nd2 Nf6 4. e5 Nfd7 5. Bd3 c5 6. c3 Nc6 7. Ne2 f6 8. exf6 Nxf6 9. 0-0 Bd6 10. Nf3 0-0 11. Ng3 cxd4 12. cxd4 Qb6 13. b3 Bxg3 14. fxg3 e5 15. Ba3 Re8 16. Bc5 Qc7 17. Bb5 e4 18. Ne5 Bd7 19. Rxf6 gxf6 20. Ng4 Bxg4 21. Qxg4+ Qg7 22. Qf5 Rad8 23. Bxa7 Nxa7 24. Bxe8 Rxe8 25. Qxd5+ Qf7 26. Qc5 Nc6 27. Rf1 e3 28. d5 Re5 29. Re1 Rxd5 30. Qxe3 Re5 31. Qc3 Qe6 32. Rf1 Qd6 33. h3 Kg7 34. Kh2 Nd4 35. Qc8 Qc6 36. Qg4+ Kf7 37. Qxd4 Qd5 38. Qc3 Qc5 39. Qd3 Kg7 40. Qd7+ Re7 41. Qg4+ Kf7 42. Rf4 Re1 43. Qd7+ Re7 44. Qd3 Qh5 45. Rh4 Qg6 46. Rxh7+ 1-0